01345naa a22003257a 4500001001000000003000900010005001700019007000300036008003400039040005400073041000900127072001400136090001800150100001600168100002100184100001700205100001500222111010000237245010300337260003900440500014000479650002000619650001500639650001100654773013700665909003600802942001400838999001900852952014800871BR8305706BR-BrBNA20240918175356.0ta230509b bl.||||| |||| 00| 0 por d aBR-BrBNAbporcBiblioteca Nacional de Agricultura a(En) aL10b5217 aL10 BR83057061 aYanuzzi, L.1 aDi Berardino, D.1 aDi Meo, G.P.1 aLioi, M.B.1 a2. Symposium on Advanced Topics in Animal ReproductioncJaboticabal, SP (Brazil)d8-11 Aug 19831 aChromosome banding homologies in asiatic and african buffalo [genetica animal, cromossoma, bufalo]3 aJaboticabal, SP (Brasil): c1983.  aProceedings of the 2. Symposium on Advanced Topics in Animal Reproduction Jaboticabal, SP (Brasil): 1983. p. 263-275 (BR8305706-AM)L10  aGENETICA ANIMAL aCROMOSSOMA aBUFALO0 tProceedings of the 2. Symposium on Advanced Topics in Animal ReproductionwL10 BR8305706gJaboticabal, SP (Brasil), 1983. p. 263-275 a202404bLuciac55dLucia Elande cAM2AGRIS c316377d316377 002AGRIS40708Acervo Gerala41918b41918cAgrobasel0oL53 BR8305686r2024-05-20t01yAM10d2024-04-11ePortaria Interministerial nÂș 164/94